000 00677nam a2200229 a 4500
001 69424
003 BD-RjUL
005 20211209081904.0
008 170411s1975 ii a b 001 0 eng d
035 _a(BD-RjUL)69635
040 _aDLC
_cDLC
_dDLC
_dBD-RjUL
_beng
041 _aeng
082 0 0 _223
_a512.2
_bJOE 1975
100 1 _aJoshi, A. W.
_9156222
245 1 0 _aElements of group theory for physicists /
_cby A. W. Joshi.
260 _aNew York :
_bWilley Eastern,
_c1975.
300 _axi, 334 p. :
_bill. ;
_c23 cm.
504 _aIncludes Bibliography: p. (309-312) and references.
650 0 _aGroup theory.
_9205641
650 2 _aPhysics.
_9205642
942 _2ddc
_cBK
999 _c69424
_d69424